Confucian feminism: (Record no. 1435822)

MARC details
000 -LEADER
fixed length control field 00825 a2200265 4500
005 - DATE AND TIME OF LATEST TRANSACTION
control field 20251204150228.0
008 - FIXED-LENGTH DATA ELEMENTS--GENERAL INFORMATION
fixed length control field 251204b |||||||| |||| 00| 0 eng d
020 ## - INTERNATIONAL STANDARD BOOK NUMBER
International Standard Book Number 978-1-350-42617-7 (pbk)
037 ## - SOURCE OF ACQUISITION
Terms of availability TB
040 ## - CATALOGING SOURCE
Original cataloging agency CRL
Transcribing agency CRL
041 ## - LANGUAGE CODE
Language code of text/sound track or separate title eng
084 ## - COLON CLASSIFICATION NUMBER
Classification number Y15 R4
Assigning agency CRL
100 ## - MAIN ENTRY--PERSONAL NAME
Personal name Li-Hsiang Lisa Rosenlee
9 (RLIN) 821984
245 ## - TITLE STATEMENT
Title Confucian feminism:
Remainder of title Practical ethic for life
260 ## - PUBLICATION, DISTRIBUTION, ETC.
Name of publisher, distributor, etc. Bloomsbury Academic
Date of publication, distribution, etc. 2024
Place of publication, distribution, etc. London
300 ## - PHYSICAL DESCRIPTION
Extent 206p.
365 ## - TRADE PRICE
Price amount 19.99
Currency code UKP
490 ## - SERIES STATEMENT
Series statement Bloomsbury introductions to world philosopheries
650 ## - SUBJECT ADDED ENTRY--TOPICAL TERM
Source of heading or term Sociology
650 ## - SUBJECT ADDED ENTRY--TOPICAL TERM
Source of heading or term Feminism
650 ## - SUBJECT ADDED ENTRY--TOPICAL TERM
Source of heading or term Ethics
700 ## - ADDED ENTRY--PERSONAL NAME
Personal name Li-Hsiang Lisa Rosenlee
Relator term Author
9 (RLIN) 854620
942 ## - ADDED ENTRY ELEMENTS (KOHA)
Koha item type Textbook
Source of classification or shelving scheme Colon Classification (CC)
Suppress in OPAC No
Classification part Y15 R4
Holdings
Withdrawn status Lost status Source of classification or shelving scheme Damaged status Not for loan Home library Current library Date acquired Source of acquisition Cost, normal purchase price Inventory number Total Checkouts Full call number Barcode Date last seen Cost, replacement price Price effective from Koha item type
    Colon Classification (CC)     Central Library Central Library 2025-12-04 26 Efficient Book Distributors 1856.19 9464 & 2015-11-21   Y15 R4 CL1924615 2025-11-26 2320.24 2025-11-26 Textbook
Copyright @ Delhi University Library System